Fußballvereine mit Emirates als Trikotsponsor - Statistiken

Allgemein
  • Dieses Quiz wurde 71 mal gespielt
  • Das Durchschnittsergebnis liegt bei 4 aus 9
Antwortstatistiken
Zeitraum Verein % Korrekt
Seit 2006 FC Arsenal
88%
Seit 2013 Real Madrid
84%
2006-2019 Paris Saint-Germain
64%
2007-2020 Hamburger SV
53%
Seit 2010 AC Mailand
42%
Seit 2020 Olympique Lyon
34%
2001-2005 FC Chelsea
33%
Seit 2015 Benfica Lissabon
22%
2013-2017 New York Cosmos
6%
Keine übereinstimmenden Quizze gefunden
Verteilung der Resultate
Anzahl Personen mit jedem Resultat
Perzentil nach korrekt beantworteten Fragen
Ihre Resultats-Entwicklung
Sie haben dieses Quiz noch nicht gespielt